| 000 | 01150naa a22003377a 4500 | ||
|---|---|---|---|
| 001 | BR9400798 | ||
| 003 | BR-BrBNA | ||
| 005 | 20240918180923.0 | ||
| 007 | ta | ||
| 008 | 230509b bl.||||| |||| 00| 0 por d | ||
| 040 |
_aBR-BrBNA _bpor _cBiblioteca Nacional de Agricultura |
||
| 041 | _a(Pt) | ||
| 072 |
_aF30; H20 _b1440 _b4120 |
||
| 090 | _aF30 BR9400798 | ||
| 100 | 1 | _aSantos, A.A. dos | |
| 100 | 1 | _aAquino, A.B. de | |
| 100 | 1 | _aSantos, A.B. dos | |
| 245 | 1 | _aReacao de genotipos de feijao macassar a podridao das raizes, causada por Macrophomina phaseolina, Rhizoctonia solani e Fusarium oxysporum | |
| 260 | 3 |
_aFortaleza, CE (Brasil): _c1992. |
|
| 500 | _aRelatorio Anual de Pesquisa 1980/1992 Fortaleza, CE (Brasil): 1992. v. 1 p. 142-150 (BR9400798-AM)F30 | ||
| 650 | _aFeijao de Corda | ||
| 650 | _aGenotipo | ||
| 650 | _aPodridao da Raiz | ||
| 650 | _aFungo | ||
| 650 | _aQueima da Saia | ||
| 650 | _aFusariose | ||
| 650 | _aVariedade | ||
| 773 | 0 |
_tRelatorio Anual de Pesquisa 1980/1992 _wF30 BR9400798 _gFortaleza, CE (Brasil), 1992. v. 1 p. 142-150 |
|
| 909 |
_a202404 _bLucia _c55 _dLucia Elande |
||
| 942 |
_cAM _2AGRIS |
||
| 999 |
_c322687 _d322687 |
||